Documents referents a la inmediata realisació d'obres públiques de carácter extraordinari / Diputació Provincial de Barcelona
Descripción Física:
217 p. ; 21 cm
Materias:
Obres públiques -- Barcelona (Província)
MARC
| LEADER | 00000nam a2200000Ia 4500 | ||
|---|---|---|---|
| 001 | 7887 | ||
| 008 | 160829s1910 xx 000 0 cat d | ||
| 080 | |a C-2-71 | ||
| 110 | 1 | |a Barcelona (Catalunya : Província). |b Diputació |9 52408 | |
| 245 | |a Documents referents a la inmediata realisació d'obres públiques de carácter extraordinari / Diputació Provincial de Barcelona | ||
| 260 | |a Barcelona : |b (Imp. Casa Caritat), |c 1910 | ||
| 300 | |a 217 p. ; |c 21 cm | ||
| 590 | |a Abans del títol: Diputació Provincial de Barcelona. Primer període de sessions de 1909. | ||
| 650 | 0 | |a Obres públiques |z Barcelona (Província) |9 22164 | |
| 901 | |a Arxiu | ||
| 942 | |n 1 | ||
| 952 | |0 0 |1 0 |4 0 |6 C271 |7 1 |9 46565 |a Arxiu |b Arxiu |d 2016-12-01 |l 0 |o C-2-71 |p 7887 |r 2016-12-01 00:00:00 |w 2016-12-01 |y ARXIU | ||
| 999 | |c 50358 |d 50358 | ||